000 004050000a22001450004500
003 LK-CoMWRAF
008 230817t ||||| |||| 00| 0 eng d
040 _aLK-CoMWRAF
_dLK-CoMWRAF
_eLK-CoMWRAF
041 _aeng
082 _a060
_bNAT
245 _aNational Human Development Report 1998 -Regional Dimension Of Human Development -(undp)
_b
260 _aColombo
_bUNDP
_c1998
300 _ap.88
942 _cBK
999 _c155
_d155